000
00227nam a22001097a 4500
082
_a
621.313PAL
100
_a
Palani R
245
_a
Electrical machine design
260
_a
New Delhi
_b
Wiley
_c
1988
300
_a
212
942
_c
BK
999
_c
14728
_d
14728